Catalog

Record Details

Catalog Search



Available copies

  • 1 of 1 copy available at LARL/NWRL Consortium.

Current holds

0 current holds with 1 total copy.

Show Only Available Copies
Location Call Number / Copy Notes Barcode Shelving Location Status Due Date
Roseau Public Library GRE (Text) 35500002149282 Main Available -

Record details

  • ISBN: 1570361983 (alk. paper)
  • Physical Description: 369 p. : 24 cm.
  • Publisher: Atlanta, Ga. : Turner Pub. ; c1995.
Subject: Football players > Fiction.
Texas > Fiction.
Genre: Legal stories.
Mystery fiction.
Football stories.
LDR 00977cam a2200301Ia 4500
00116913
003LARL_NWRL_CONSORTIUM
00519960112162916.0
008950503s1995 gau 000 1 eng
020 . ‡a1570361983 (alk. paper)
035 . ‡a(OCoLC)32510611
08200. ‡a813/.54 ‡220
099 . ‡aGre
1001 . ‡aGreen, Tim, ‡d1963- ‡0(LARL_NWRL_CONSORTIUM)9620
24510. ‡aOutlaws ‡n#1/ ‡cby Tim Green.
260 . ‡aAtlanta, Ga. : ‡bTurner Pub. ; ‡aKansas City, Mo. : ‡bDistributed by Andrews and McMeel, ‡cc1995.
300 . ‡a369 p. : 24 cm.
4900 . ‡aMadison McCall ; ‡v1
650 0. ‡aFootball players ‡vFiction. ‡0(LARL_NWRL_CONSORTIUM)164977
651 0. ‡aTexas ‡vFiction. ‡0(LARL_NWRL_CONSORTIUM)167647
655 7. ‡aLegal stories. ‡2gsafd
655 7. ‡aMystery fiction. ‡2gsafd
655 0. ‡aFootball stories.
901 . ‡a16913 ‡bOCLC ‡c16913 ‡tbiblio

Additional Resources